Geography of the Soviet Union - Statistics

General Stats
  • This quiz has been taken 2,378 times
    2,355 since last reset
  • The average score is 13 of 22
Answer Stats
Hint Answer % Correct
What was the capital of the USSR? Moscow
99%
What were the three biggest cities in the USSR outside of present-day Russia? Kiev
91%
Which country did the USSR invade in September 1939? Poland
90%
The site of the biggest nuclear accident to have ever happened Chernobyl
87%
Deepest and oldest freshwater lake in the world Lake {Baikal}
74%
How many countries have arisen from the dissolution of the USSR? 15
73%
Island on which the Soviets attempted to place nuclear missiles Cuba
69%
In what country is the Soviet spaceport located, where they among other things launched Sputnik? Kazakhstan
69%
The USSR took up one-... of the Earth's land surface Sixth
66%
Formerly the 4th largest lake in the world, but shrank heavily due to Soviet irrigation projects {Aral} Sea
65%
Which country was the first to declare independence? Lithuania
64%
City where the Crimean Conference took place Yalta
64%
Huge peninsula marking the east border of the Soviet Union Kamchatka
59%
What were the three biggest cities in the USSR outside of present-day Russia? Baku
54%
What were the three biggest cities in the USSR outside of present-day Russia? Tashkent
54%
The former name of Kaliningrad, taken from Germany after WWII Königsberg
52%
50,000 people used to live in this city near the previous answer, now it's a ghost town Pripyat
40%
River that formed the border between the Soviet Union and China Amur
38%
What was the name of the highest mountain in the USSR, now located in Tajikistan? {Communism} Peak
27%
On what peninsula did the Soviets dig the deepest hole in the world? {Kola} Peninsula
24%
What is the name of this spaceport? {Baikonur} Cosmodrome
21%
Site of the worst earthquake in Soviet history, claiming over 25.000 lives Spitak
2%
No matching quizzes found
Score Distribution
Percent of People with Each Score
Percentile by Number Answered
Your Score History
You have not taken this quiz since the last reset